[Event "URS-ch58"]
[Site "Moscow"]
[Date "1991.??.??"]
[Round "1"]
[White "Vaganian, Rafael A"]
[Black "Minasian, Artashes"]
[Result "0-1"]
[WhiteElo "2585"]
[BlackElo "2510"]
[Annotator "Stohl,I"]
[PlyCount "114"]
[EventDate "1991.11.??"]
[EventType "swiss"]
[EventRounds "11"]
[EventCountry "URS"]
[SourceTitle "URS-ch"]
[Source "ChessBase"]
[SourceDate "1999.07.01"]
[SourceVersion "1"]
[SourceVersionDate "1999.07.01"]
[SourceQuality "1"]

1. Nf3 Nf6 2. c4 e6 3. g3 b6 4. Bg2 Bb7 5. O-O c5 6. Nc3 Be7 7. Re1 d6 (7... d5
8. cxd5 Nxd5 (8... exd5 9. d4 O-O $10 {-E17}) 9. Nxd5 $5 (9. e4) 9... Qxd5 10.
e4 {Andonov,B-Kholmov,R,Frunze 1989-CBM 15} Qd3 $1 11. Re3 Qd8 12. d4 cxd4 13.
Rd3 Bxe4 14. Rxd4 Bd5 15. Rxd5 exd5 (15... Qxd5 $2 16. Nd4 $18) 16. Ne5 O-O 17.
Bxd5 Bf6 18. Bf4 Na6 19. Bxa8 Qxd1+ 20. Rxd1 Rxa8 21. Rd7 Nc5 $10) (7... Nc6 8.
e4 O-O 9. d4 cxd4 10. Nxd4 Nxd4 11. Qxd4 Rc8 (11... d6 12. b3 Qc7 13. Ba3 $5
$14) 12. b3 d5 13. exd5 Nxd5 14. Nxd5 {Ehlvest,J-Illescas,M,Manila izt
1990-CBM 19} Bxd5 15. cxd5 Bf6 16. Qg4 Bxa1 17. Ba3 Bc3 18. Bxf8 Qxf8 19. Rd1
$14) 8. e4 (8. e3 O-O 9. b3 Nbd7 10. Bb2 Rb8 11. Qe2 a6 12. d4 Ne4 13. Nxe4
Bxe4 14. Rad1 Qc7 15. d5 exd5 16. cxd5 Bf6 17. Bxf6 Nxf6 (17... Bxf3 $5 $10)
18. Nh4 b5 $132 {Azmayparashvili,Z-Hulak,K,Amsterdam OHRA-B 1989-CBM 15}) 8...
e5 $5 9. Nh4 Nc6 (9... g6 10. f4 $36 {/\} exf4 $2 11. e5 $18) 10. Nf5 Bf8 11.
Qa4 $5 g6 12. d4 Nd7 $1 (12... exd4 $2 13. e5 $18) (12... cxd4 13. Nxd4 $1 exd4
14. e5 dxe5 15. Bxc6+ Bxc6 16. Qxc6+ Nd7 17. Rxe5+ $18) (12... gxf5 13. exf5
cxd4 (13... Qd7 $6 14. dxe5 dxe5 15. Bg5 Bg7 16. Rad1 Qc8 17. Rd6 $18) 14.
Bxc6+ Bxc6 15. Qxc6+ Nd7 16. Ne4 $16) (12... Qd7 13. Bg5 Ng8 14. Bh3 $1 gxf5
15. Bxf5 $16 {/\d5}) 13. dxe5 dxe5 14. Nh6 Nd4 $10 15. Nd5 Bc6 16. Qd1 Bg7 17.
h4 Nf8 18. Bg5 (18. Be3 Nfe6 {/\Qd6-f8=}) 18... f6 19. Be3 Qd6 20. Rb1 Nfe6 21.
a3 (21. b4 cxb4 22. Nxb4 Bd7 $15 {/\Rc8><c4}) (21. b3 Qf8 22. Qd2 O-O-O 23. a3
f5 $13 {><h6}) 21... Qf8 22. Qd2 Nb3 (22... O-O-O 23. b4 $36) 23. Qc3 Nbd4 24.
Qd2 Nb3 $10 25. Qd3 Nbd4 26. Ng4 h5 27. Nh2 Qf7 (27... Qd6 $5 $10) 28. f4 O-O
29. f5 (29. b4 $13) 29... gxf5 30. exf5 Nc7 31. Bxd4 $1 (31. Nxc7 Qxc7 32. Bxd4
cxd4 $17 {/\Bh6,><f5,g3}) 31... cxd4 32. Ne7+ Qxe7 33. Bxc6 Rad8 34. Bf3 (34.
Nf3 Bh6 $36) 34... Qf7 35. Qd1 $6 (35. b3 Bh6 36. Nf1 {/\Qd1} b5 $5 37. cxb5
Nd5 $146) 35... d3 $1 {פh2} 36. Bxh5 Qxc4 $36 37. Bg6 d2 38. Rf1 Rd3 39. Kg2 (
39. Qh5 Rxg3+ 40. Kh1 Rd8 $19) 39... Nd5 40. Qh5 Ne3+ 41. Kh3 Rfd8 $19 42. Rbd1
(42. Qh7+ Kf8 43. h5 Qg8 $19) 42... Qe4 43. Rg1 $8 Nxd1 44. Rxd1 Qe1 45. Nf1
Rxg3+ $1 46. Nxg3 Rd3 47. Bf7+ (47. Qg4 Rxg3+ 48. Qxg3 Qxd1 49. Qg2 Qb3+ $19)
47... Kf8 48. Qg4 Rxg3+ (48... Kxf7 $2 49. Qc4+ Kf8 50. Qxd3 Qxd1 51. Qd8+ $10)
49. Qxg3 Qxd1 50. Qg2 Qc2 (50... Kxf7 51. Qd5+ Ke7 $19) 51. Bh5 Qxf5+ (51...
d1=Q $2 52. Qa8+ Ke7 53. Qe8+ Kd6 54. Qd8+ $132) 52. Qg4 (52. Bg4 Qd3+ $19)
52... Qxg4+ 53. Bxg4 f5 54. Bh5 e4 55. Kg3 Bh6 56. Kf2 f4 57. Bd1 f3 {
/\Ke7-f6-e5-f4} 0-1

[Event "Madrid Magistral 6th"]
[Site "Madrid"]
[Date "1997.05.27"]
[Round "6"]
[White "Akopian, Vladimir Eduardovic"]
[Black "Shirov, Alexei"]
[Result "1/2-1/2"]
[WhiteElo "2655"]
[BlackElo "2690"]
[Annotator "Stohl,I"]
[PlyCount "105"]
[EventDate "1997.06.??"]
[EventType "tourn"]
[EventRounds "9"]
[EventCountry "ESP"]
[EventCategory "17"]
[SourceTitle "CBM 059"]
[Source "ChessBase"]
[SourceDate "1997.08.01"]
[SourceVersion "1"]
[SourceVersionDate "1997.08.01"]
[SourceQuality "1"]

1. Nf3 Nf6 2. c4 c5 3. g3 b6 4. Bg2 Bb7 5. O-O e6 6. Nc3 a6 7. Re1 Be7 8. e4 d6
9. d4 cxd4 10. Nxd4 Qc7 11. Be3 Nbd7 (11... Qxc4 $2 12. Rc1 Qb4 13. Nb3 $16 {
[%csl Rb4] ףb4}) 12. f4 (12. Rc1 O-O 13. f4 Rfd8 14. f5 Nf8 15. Qe2 Re8 16. g4
h6 17. h4 N6h7 18. Qf2 Bf6 19. Nf3 Nd7 20. fxe6 fxe6 21. g5 hxg5 22. hxg5 Be5
23. Qh4 Nhf8 24. Qg4 g6 25. Red1 Bg7 26. Bf4 Qc5+ 27. Kh2 Ne5 28. Nxe5 Bxe5 29.
Bxe5 dxe5 30. Ne2 $14 {Davies,N-Kaiumov,D/Goodricke Calcutta/1997/}) 12... Rc8
({More usual is} 12... O-O 13. Rc1 Rfe8 {/\} 14. f5 Bd8 $1 $13) 13. Rc1 O-O (
13... Qb8 $142 $5 14. Nd5 $5 (14. Qe2 Qa8 15. Bf2 Bd8 (15... O-O 16. f5 e5 17.
Nb3 g6 18. Nd5 Nxd5 19. cxd5 Rxc1 20. Rxc1 Nc5 21. Qf3 Qd8 22. Rf1 gxf5 23.
Qxf5 Bc8 24. Qh5 Qd7 25. Nd2 Qg4 26. Qxg4+ Bxg4 27. Be3 b5 28. Rc1 Rc8 $11 {
1/2,Speelman,J-Suba,M/ESP-chT/1995/}) (15... g6 $5 16. Nb3 O-O 17. Bd4 $13 {
1/2,Smejkal,J-Podzielny,K/BL/1993/}) 16. f5 e5 17. Nc2 g6 $1 18. fxg6 hxg6 19.
Nb4 Kf8 20. h4 Kg7 21. Bh3 Rb8 22. Nbd5 b5 $5 23. Rf1 bxc4 24. Rcd1 Bxd5 25.
Nxd5 Nxd5 26. Rxd5 Nf6 27. Rxd6 Be7 28. Rdd1 Qxe4 29. Rfe1 Qxe2 30. Rxe2 Rb5
31. Rc1 Rhb8 $11 {Glek,I-Wahls,M/BL/1993/}) (14. b3 O-O (14... Qa8 15. Bf2 O-O
16. g4 g6 17. g5 Nh5 18. Qg4 Rce8 19. Rcd1 Qc8 20. Nde2 Bc6 21. Ng3 Nxg3 22.
hxg3 b5 23. cxb5 axb5 24. Rc1 Qa8 25. Qh3 Nc5 26. Bxc5 dxc5 27. e5 Bxg2 28.
Qxg2 Qxg2+ 29. Kxg2 Ra8 30. Re2 $14 {Hjartarson,J-Wahls,M/New York op/1994/})
15. Qe2 Qa8 16. Bf2 Rfe8 17. Bf3 h6 18. a4 Bf8 19. e5 $6 dxe5 20. fxe5 Nh7 21.
Bxb7 Qxb7 22. Nf3 f5 23. exf6 Nhxf6 24. Ne5 Nxe5 25. Qxe5 Bb4 26. Qe2 Rcd8 $36
{Fridman,D-Shipov,S/Berliner Sommer/1996/}) 14... exd5 15. exd5 Kf8 16. Nc6
Bxc6 17. dxc6 Nc5 18. b4 Ne6 19. f5 Nc7 20. Bf4 Nfe8 21. Rc3 Bf6 22. Rd3 h6 23.
h4 Kg8 24. Qh5 Rd8 25. Kh2 Be5 26. Bxe5 dxe5 27. Rxd8 Qxd8 28. Rd1 Qf6 29. Rd7
$44 {Vaganian,R-Wojtkiewicz,A/Eupen rapid/1996/}) 14. f5 $1 $146 {Not an
original idea, but in this position it has not been played yet.} (14. g4 Nc5
15. Bf2 Qb8 (15... Ne8 16. g5 g6 17. Qd2 Ng7 18. f5 gxf5 19. exf5 Bxg2 20. Kxg2
Qb7+ 21. Kg1 exf5 22. Rxe7 Qxe7 23. Nd5 Qd8 24. Nf6+ Kh8 25. Qf4 Ne8 26. Nxh7
Kxh7 27. Qh4+ Kg8 28. Rc3 Ne4 29. Rh3 Qxg5+ 30. Rg3 f6 31. Be3 Qxg3+ 32. hxg3
Ng7 33. Bh6 $40 {Ivanov,I-Shamkovich,L/Saint John op-1/1988/}) 16. g5 Ne8 17.
Re3 g6 18. Qg4 Bd8 19. f5 e5 20. Nde2 Rc7 21. Rh3 Qc8 22. Rd1 f6 23. b4 Nxe4
24. Bxe4 Bxe4 25. Qxe4 Rxc4 26. Qd5+ Kh8 27. fxg6 Qxh3 28. Qxc4 f5 29. Qf7 $1
$18 {Filippov,V-Fokin,S/RUS-Cup5 Ekaterinburg/1997/}) (14. Bf2 Qb8 15. e5 Ne8
16. Bh3 Rd8 17. Qe2 dxe5 18. fxe5 Ba8 19. Bg4 g6 20. Nf3 Bxf3 21. Bxf3 Ng7 22.
Rcd1 Qc7 23. g4 Nc5 $132 {Istrate,B-Halkias,S/EU-chJ16 Zagan/1995/}) 14... e5
15. Nb3 (15. Nd5 $143 Qd8 (15... Nxd5 16. cxd5 $16) 16. Nb3 b5 $13) 15... Qd8 (
15... Qxc4 16. Nd5 Bxd5 (16... Nxd5 17. Rxc4 Nxe3 18. Rxc8 Nxd1 19. Rxf8+ Kxf8
20. Rxd1 $16) 17. Rxc4 Bxc4 18. Nd2 $16) 16. Qe2 h5 (16... g6 $6 17. g4 $40) (
16... h6 $142 {/\} 17. Nd5 Nxd5 18. cxd5 Nc5 19. Nd2 a5 $132) 17. Nd5 $1 $16
Nxd5 18. cxd5 h4 (18... Nc5 $2 19. Nxc5 bxc5 20. Qxh5) 19. Rxc8 Bxc8 (19...
Qxc8 20. Rc1 Qb8 21. Nd2 Rc8 22. Nc4 $16) 20. Nd2 hxg3 21. hxg3 Bg5 22. Bxg5
Qxg5 23. Qe3 {White aims for an endgame, in which his advantages are more
space, control of the c-file and targets on the Q-side.} Qh5 (23... Qxe3+ 24.
Rxe3 {[%cal Rd2c4] /\Nc4+-} b5 25. Rc3 $16 {[%cal Rc3c6] /\Rc6}) 24. Bf3 (24.
Nc4 $142 $1 Nf6 25. Bf3 Qh3 26. Qf2 {[%csl Rb6,Rd6] ><b6,d6}) 24... Qh3 25. Kf2
Nf6 26. Qg5 (26. Rh1 $2 Qxh1 $1 $19) (26. Qxb6 $6 Qh2+ 27. Bg2 Ng4+ 28. Kf3 Qh5
29. Qxd6 Bxf5 $1 $40) 26... Nh7 27. Qh4 (27. Qe7 $142 $5 Qh2+ 28. Bg2 Qh6 29.
Nc4 $16 {[%cal Re1h1] /\Rh1+-}) 27... Qxh4 28. gxh4 {So White has achieved his
goal. But the game is not over, Shirov defends very well and creates White all
sorts of problems.} b5 $1 {[] Against Nc4.} 29. Rc1 g6 $5 30. fxg6 (30. Rc6
gxf5 31. exf5 (31. Rxd6 fxe4 32. Nxe4 f5 $13) 31... Bxf5 (31... Rd8 32. Ne4 $36
) 32. Rxd6 Rc8 $1 $13) 30... fxg6 31. Rc6 (31. Ke3 $142 $1 $36 {/\} g5 $2 32.
hxg5 Nxg5 33. Rg1 $18) 31... g5 $14 {[%cal Rg5g4] <=>,/\g4-+} 32. hxg5 Nxg5 33.
Ke3 (33. Rxd6 $2 Rxf3+ $1 (33... Nxf3 $2 34. Nxf3 Bg4 35. Rg6+ $18) 34. Nxf3
Nxe4+ $19) 33... Rd8 34. a4 Kf7 $1 (34... bxa4 $2 35. Nc4 Nf7 36. Bh5 $18) 35.
axb5 axb5 36. Rb6 (36. Be2 $142 $1 {with winning chances.}) 36... Rh8 $1 37.
Rb8 Nxf3 38. Nxf3 (38. Kxf3 $2 Bg4+ $19) 38... Ke7 39. Rxb5 (39. b4 $5 Kd8 40.
Rxb5 Kc7 $14) 39... Bg4 40. Rb7+ Kf6 41. Kf2 Bxf3 42. Kxf3 Rh3+ $44 43. Kg4 (
43. Ke2 Kg5 $11) 43... Re3 44. Rb4 Re2 45. Kf3 (45. b3 Re3 $11) 45... Rh2 46.
Rb6 Kg5 $1 47. Rxd6 Rh3+ 48. Ke2 (48. Kg2 Rb3 $11) 48... Kf4 $11 49. Rc6 Kxe4
50. d6 Rh2+ 51. Ke1 Rh7 52. Rc7 Rh8 53. d7 (53. d7 Rd8 54. b4 Kd5 55. b5 Kd6
56. b6 Rxd7 $11) 1/2-1/2

[Event "Buenos Aires Najdorf"]
[Site "Buenos Aires"]
[Date "1993.??.??"]
[Round "11"]
[White "Illescas Cordoba, Miguel"]
[Black "Seirawan, Yasser"]
[Result "1-0"]
[WhiteElo "2615"]
[BlackElo "2595"]
[Annotator "Stohl,I"]
[PlyCount "67"]
[EventDate "1993.04.??"]
[EventType "tourn"]
[EventRounds "11"]
[EventCountry "ARG"]
[EventCategory "13"]
[SourceTitle "CBM 035"]
[Source "ChessBase"]
[SourceDate "1993.08.01"]
[SourceVersion "1"]
[SourceVersionDate "1993.08.01"]
[SourceQuality "1"]

1. Nf3 Nf6 2. c4 c5 3. Nc3 e6 4. g3 b6 5. Bg2 Bb7 6. O-O d6 7. d4 cxd4 8. Qxd4
a6 9. Bg5 (9. Ng5 Bxg2 10. Kxg2 Nc6 11. Qf4 Be7 12. Nce4 O-O 13. Nxf6+ Bxf6 14.
Nxh7 Kxh7 15. Qe4+ Kg8 16. Qxc6 Rc8 17. Qe4 Qc7 18. Rd1 Qxc4 19. Qxc4 Rxc4 20.
Rxd6 b5 21. Rxa6 Rc2 $44 {Adorjan,A-Suba,M/Budapest zt-A/1993/}) 9... Nbd7 10.
Nd2 (10. Rad1 Be7 11. Bxf6 Nxf6 12. Na4 b5 13. Nb6 e5 $1 14. Nxe5 Bxg2 15. Kxg2
dxe5 16. Qe3 Qb8 17. Nxa8 Qxa8+ 18. Kg1 e4 19. c5 O-O 20. b4 h5 $1 $15 {
Miles,A-Kindermann,S/Bad Woerishofen/1989/}) (10. Qd2 Rc8 11. Bf4 Rxc4 12. Bxd6
Bxd6 13. Qxd6 Qe7 14. Qd3 Rc7 15. Nd4 Ne5 16. Qd1 Bxg2 17. Kxg2 O-O 18. Rc1 Rd8
19. e3 Rc5 20. Qe2 Qb7+ 21. f3 $10 {Schulz,K-Wahls,M/Bad Woerishofen/1988/}) (
10. Rfd1 Qc7 11. Rac1 h6 12. Be3 Be7 13. Ne1 Bxg2 14. Nxg2 O-O 15. Ne4 Nxe4 16.
Qxe4 Nf6 17. Qd3 Qb7 18. Bd4 Rfd8 19. Ne3 b5 $10 {Quinn,M-James,D/Dublin zt/
1993/}) 10... Bxg2 11. Kxg2 Rc8 $6 (11... Qc7 12. Rfd1 Be7 13. Nde4 O-O $1 14.
Rac1 (14. Nxd6 $6 Rfd8 15. Nde4 Ne5 $36) 14... Rfd8 15. f3 h6 16. Be3 Rab8 17.
b3 Nc5 18. b4 Ncxe4 19. Nxe4 Nxe4 20. Qxe4 Bf8 21. Bf4 Qb7 $10 {Cvitan,
O-Mascarinas,R/Zenica/1989/}) 12. Nce4 $16 Rc6 13. Bxf6 $1 gxf6 (13... Nxf6 14.
Nxf6+ Qxf6 15. Qe4 $40) 14. b4 $1 {/\b5,><d6} Be7 (14... Qa8 15. Nxf6+ Nxf6 16.
Qxf6 Rxc4+ $2 17. Kg1 $18) (14... b5 15. cxb5 axb5 16. a4 $1 $36) (14... e5 15.
Qd5 $16) 15. b5 axb5 16. cxb5 Rc2 17. Nxd6+ Bxd6 18. Qxd6 Ne5 (18... Nc5 19.
Qc6+ Qd7 20. Qxb6 $1 Qd5+ (20... Qxd2 21. Rfd1 $18) 21. Kg1 Rxd2 22. Rfc1 $16)
19. Qxd8+ Kxd8 20. Rfd1 Ke7 (20... Kc7 21. Rac1 $16) 21. Kf1 Rb2 (21... Rd8 22.
Ke1) 22. a4 Rc8 23. Ke1 Nd7 $6 (23... Rcc2 $142 24. Rac1 $16) 24. Nf3 $1 {
/\Nd4-c6->} Rcc2 25. Nd4 Rc4 26. a5 $18 bxa5 27. Nc6+ Ke8 28. Rxa5 {/\Ra8} Kf8
$8 29. Rxd7 Rcc2 (29... Rc1+ 30. Rd1 Rcc2 31. Nd4 $18) 30. Kd1 (30. Nd4 $4 Rc1#
) 30... Rxe2 31. Nd4 Rxf2 32. Kc1 $1 (32. Nxe6+ $2 Ke8 $1 {/\Kd7,Rf1#}) 32...
e5 (32... Kg7 33. Raa7 $18) 33. Ne6+ $1 Ke8 34. Rc7 {/\Ra8# [Stohl]} 1-0

[Event "Bonn GSK"]
[Site "Bonn"]
[Date "1994.??.??"]
[Round "7"]
[White "Gawehns, Klaus"]
[Black "Wojtkiewicz, Aleksander"]
[Result "1-0"]
[WhiteElo "2345"]
[BlackElo "2560"]
[Annotator "Stohl,I"]
[PlyCount "51"]
[EventDate "1994.??.??"]
[EventType "tourn"]
[EventRounds "9"]
[EventCountry "GER"]
[EventCategory "12"]
[SourceTitle "CBM 040"]
[Source "ChessBase"]
[SourceDate "1994.06.01"]
[SourceVersion "1"]
[SourceVersionDate "1994.06.01"]
[SourceQuality "1"]

1. c4 {von Gleich Ftacnik} c5 2. Nc3 Nf6 3. g3 e6 4. Nf3 b6 5. Bg2 Bb7 6. O-O
a6 (6... Be7 7. Re1 d5 $132) 7. Re1 Be7 (7... d6 8. e4 Nbd7 9. d4 cxd4 10. Nxd4
Qc7 (10... Be7 $2 11. e5 $1 dxe5 12. Nxe6 $1 fxe6 13. Bxb7 $16) 11. Nd5 $5 (11.
Be3 Rc8 $5 12. Rc1 Qb8 13. b3 Qa8 14. f3 Be7 15. g4 h6 16. h4 Nh7 17. Bf2 O-O
$6 (17... g5 $1 $13) 18. f4 Rfe8 19. g5 hxg5 20. hxg5 g6 21. Qg4 $40 {
Hjartarson,J-Lau,R/BL 9192/1992/}) 11... exd5 12. exd5+ Kd8 13. Nc6+ {von
Gleich} Bxc6 14. dxc6 Nc5 15. b4) 8. e4 d6 9. d4 cxd4 10. Nxd4 Qc7 11. Be3 O-O
(11... Nbd7 $142 $5 12. Rc1 Rc8 13. f4 Qb8 $5 14. Qe2 (14. g4 g6 15. g5 Nh5 16.
f5 e5 17. f6 exd4 18. Bxd4 Bd8 19. Bh3 Nf4 20. Bg4 h5 21. gxh6 Ne5 $1 22. Rf1
Nxg4 23. Qxg4 Rxc4 $19 {Wells,P-Adorjan,A/BL 8889/1989/}) (14. Nd5 $5 {Ftacnik}
exd5 15. exd5 g6 (15... O-O 16. Nc6 Bxc6 17. dxc6 Nc5 18. Bxc5 dxc5 19. Rxe7
$16) 16. b4 Qa8 (16... O-O 17. Nc6 Bxc6 18. dxc6 $18) 17. g4 Kf8 18. g5 Nh5 19.
Nc6 Rxc6 20. dxc6 Bxc6 21. Bxc6 Qxc6 22. Bd4 $36) 14... Qa8 15. Bf2 g6 $5 (
15... Bd8 16. f5 e5 17. Nc2 g6 $1 18. fxg6 hxg6 19. Nb4 Kf8 20. h4 Kg7 21. Bh3
Rb8 22. Nbd5 b5 23. Rf1 bxc4 $132 {Glek,I-Wahls,M/BL 9293/1993/}) 16. Nb3 O-O
17. Bd4 $13 {1/2:1/2/Smejkal,J-Podzielny,KH/BL 9293/1993/}) 12. Rc1 Re8 (12...
Nbd7 13. Rc2 (13. f4 $142 $1 $36) 13... Rac8 14. b3 Qb8 15. f4 Ba8 16. Bc1 Rcd8
17. Rd2 Rfe8 18. Bb2 Bf8 19. Bf3 e5 20. Nf5 g6 21. Ne3 exf4 22. gxf4 Nxe4 23.
Bxe4 Bxe4 24. Nxe4 Rxe4 25. Nd5 $44 {Arnason,J-Tiller/Randers zt/1982/}) 13. f4
(13. g4 Nfd7 (13... g6 $142 $5) 14. f4 Nf8 15. g5 Nbd7 16. Rf1 Rac8 17. f5 Qd8
18. Qh5 e5 19. Nde2 g6 20. Qh6 f6 21. h4 Rxc4 22. h5 $40 {Znamenacek,
K-Kruszynski,W/Pardubice op/1993/}) 13... Bf8 (13... Nbd7 14. f5 $5 (14. g4 Nc5
15. Bf2 d5 $6 (15... g6 $142) 16. exd5 exd5 17. Nxd5 Nxd5 (17... Bxd5 18. cxd5
Qxf4 19. Bg3 Qxg4 20. d6 $18 {Smejkal,J-Hoffman,M/Munich/1993/}) 18. cxd5 a5
19. Nf5 Bf8 20. Qd2 Qd7 21. h3 h5 22. Bf3 Rad8 23. Bh4 Rc8 24. Rcd1 Ba6 25. d6
$18 {Gabriel,C-Kalesis,N/Budapest FebGM/1994/}) (14. Nd5 $5 {Ftacnik} exd5 15.
cxd5 Qb8 16. Nc6 Bxc6 17. dxc6 Nc5 18. c7 Qxc7 19. e5 dxe5 20. Bxa8 Rxa8 21. b4
exf4 22. Bxf4 Qa7 23. bxc5 Bxc5+ 24. Kg2 Qb7+ 25. Qf3 $13 {Ftacnik,L-Browne,W/
San Francisco/1991/}) 14... Bd8 $5 (14... Bf8 $6 15. fxe6 fxe6 16. Bh3 Nc5 17.
b4 Ncxe4 18. Nxe4 Nxe4 (18... Bxe4 19. Nxe6 Qb7 20. Ng5 $1 $16) 19. Nxe6 Qf7
20. Rf1 (20. Nxf8 {Ftacnik} Rxf8 21. Bg2 $16 {Wirthenson-Raicevic/Bad
Woerishofen/1992/}) 20... Qe7 21. Qd4 Rab8 22. Rce1 Ba8 23. Nxf8 Rxf8 24. Bf4
b5 25. Bg2 Rbe8 26. Rxe4 $1 Bxe4 27. Re1 $18 {Blees,A-Kalesis,N/Heraklio op/
1993/}) 15. fxe6 fxe6 16. Bh3 Nf8 17. Bf2 N6d7 18. b4 Bf6 19. Nce2 Rac8 20. Qb3
Kh8 21. Qe3 Ne5 22. Nf4 Qf7 $132 {Schlosser,P-Hoffmann,M/Lippstadt/1991/}) 14.
f5 $1 $146 (14. Bf2 Nfd7 $5 (14... Nbd7 15. Qe2 g6 16. e5 Bxg2 17. Kxg2 dxe5
18. fxe5 Nh5 19. b3 Rac8 20. Nf3 Red8 21. Bd4 Bc5 22. Red1 Bxd4 23. Rxd4 Nb8
24. Rcd1 Rxd4 25. Rxd4 Nc6 26. Rd2 Ng7 27. g4 $1 $14 {Wojtkiewicz,A-Suba,M/
Budapest zt-A/1993/}) 15. b3 Nc6 16. Qd2 Nxd4 $132 {1/2:1/2/Wojtkiewicz,A-Suba,
M/Debrecen EU-chT/1992/}) 14... Nbd7 {-13...Nbd7} (14... e5 15. Nd5 $1 $36) (
14... Nc6 15. fxe6 fxe6 16. Nd5 $1 $16) (14... g6 15. Bh3 {von Gleich} (15.
fxe6 {Ftacnik} fxe6 16. Bh3 Qf7 $1) 15... e5 16. Nd5 Nxd5 17. cxd5 Qd7 18. Ne6
fxe6 19. fxe6 Qe7 20. Bxb6 {mit zwei Bauern, enigeschnürten schwarzen Figuren
und riesiger Initiative hat mehr als ausreichenden Ersatz für die Figur}) 15.
fxe6 fxe6 16. Bh3 Nc5 (16... e5 17. Nd5 $16 {/\Ne6}) 17. b4 $16 e5 $6 (17...
Ncxe4 $142 18. Nxe6 $16) 18. bxc5 exd4 19. cxb6 Qxb6 20. Bxd4 (20. Rb1 {
von Gleich} Qc7 21. Bxd4 $16) 20... Qd8 21. Nd5 $1 $146 (21. Qd3 Nd7 22. Bxd7
Qxd7 23. Nd5 Rad8 24. Rb1 Re6 25. Rf1 $16 {Speelman,J-Psakhis,L/Madrid-act/
1988/}) 21... Nxe4 (21... Nxd5 22. exd5 $18) (21... Bxd5 $140 {von Gleich} 22.
exd5 $18) 22. Bf5 Ng5 (22... Nf6 23. Nxf6+ (23. Rxe8 {Ftacnik} Nxe8 24. Qh5 g6
25. Be6#) 23... gxf6 24. Qh5 $18) 23. Rxe8 $1 (23. Qh5 $5 $40 Rxe1+ 24. Rxe1
Bxd5 25. cxd5 Qa5) 23... Qxe8 24. Qg4 $18 Bxd5 (24... h6 25. h4 $18) 25. cxd5
Qa4 (25... Nf7 26. Qh5 h6 (26... g6 27. Bxg6 $18) 27. Qg6 $18 (27. Be6 $18 {
Ftacnik})) 26. Be6+ (26. Be6+ Nxe6 (26... Kh8 27. Bxg7+ $1 $18) 27. Qxe6+ Kh8
28. Bxg7+ $1 Bxg7 (28... Kxg7 29. Rc7+ Kh8 30. Qf6+ {von Gleich} Kg8 31. Qf7+
Kh8 32. Qxh7#) 29. Rc8+ Bf8 30. Qf6+ Kg8 31. Qxf8#) 1-0

[Event "Moscow Alekhine op"]
[Site "Moscow"]
[Date "1992.??.??"]
[Round "?"]
[White "Sorokin, Maxim"]
[Black "Anastasian, Ashot"]
[Result "0-1"]
[WhiteElo "2550"]
[BlackElo "2490"]
[Annotator "Stohl,I"]
[PlyCount "72"]
[EventDate "1992.10.??"]
[EventType "swiss"]
[EventRounds "9"]
[EventCountry "RUS"]
[SourceTitle "CBM 033"]
[Source "ChessBase"]
[SourceDate "1993.04.01"]
[SourceVersion "1"]
[SourceVersionDate "1993.04.01"]
[SourceQuality "1"]

1. Nf3 Nf6 2. c4 c5 3. g3 b6 4. Bg2 Bb7 5. Nc3 e6 6. O-O Be7 7. d4 cxd4 8. Qxd4
O-O (8... d6 $142) 9. Rd1 Na6 $5 (9... d6 10. e4 Nbd7 11. b3 a6 12. Ba3 Nc5 13.
e5 dxe5 14. Qxd8 Rfxd8 15. Nxe5 $36 {><c6,_|_}) (9... Qc8 $6 10. Bf4 Rd8 11.
Nb5 Ne8 12. Nd6 Nxd6 13. Bxd6 Bxd6 14. Qxd6 Qc5 15. Qf4 f6 16. Rd2 Na6 17. Rad1
Qe7 18. Qd6 Kf8 19. Qd3 g6 20. Qxd7 $3 $16 {Petursson,M-Vulicevic,N,New York
op 1992-TD 92_05}) (9... Nc6 10. Qf4 Qb8 11. Qxb8 (11. b3 $142 $14) 11... Raxb8
12. b3 Rfd8 13. Ng5 h6 14. Nge4 Nxe4 15. Bxe4 f5 16. Bg2 Bf6 17. Bb2 b5 $1 18.
cxb5 Nd4 19. Rd2 Bxg2 20. Kxg2 Nxb5 21. Nxb5 Bxb2 22. Rxb2 Rxb5 $10 {
Kiedrowicz,J-Kholmov,R,Wisla BES 1992-TD 92_04}) 10. Bf4 Nc5 {N} (10... Rc8 11.
Rac1 (11. Nb5 d5 $5 $8 12. cxd5 Nxd5 13. Nxa7 Rc2 $44) 11... Nc5 12. b4 $1 (12.
Ne1 Bxg2 13. Kxg2 Rc6 14. Nb5 $6 a6 15. Nc3 d6 16. Qd2 Qd7 17. Nd3 b5 $1 $10 {
Dizdarevic,E-Anastasian,A,Moscow GMA-op 1989-TD 89_02}) (12. Nb5 Nce4 {/\Bc5-+}
13. Nd6 Nxd6 14. Bxd6 Bxd6 15. Qxd6 Bxf3 16. Bxf3 Qc7 17. Rc3 Rfd8 18. Qxc7
Rxc7 19. Kf1 Kf8 20. Rdc1 d6 $10 {Olafsson,H-Anastasian,A,Erevan 1988-CBM 08})
12... Nce4 13. Nxe4 Bxe4 14. Bd6 $14 {()}) 11. Bd6 (11. Rac1 {/\} d5 $6 12. Ne5
$16) 11... Bxd6 12. Qxd6 Qc8 13. Rd4 (13. Rac1 Rd8 14. Ne5 Bxg2 15. Kxg2 Qb7+
16. f3 Ne8 17. Qe7 d6 18. Qxb7 Nxb7 19. Nc6 Rd7 $14) 13... Bc6 14. b4 $1 Nce4
$6 (14... Nb7 $142 15. Qf4 d6 16. Qe3 Rd8 17. Rad1 Ne8 $14) 15. Nxe4 Bxe4 (
15... Nxe4 16. Qf4 Nf6 17. Ne5 (17. b5 $5 Bb7 18. Ne5 $16) 17... Bxg2 18. Kxg2
d5 19. Rc1 $16 {<->c,d,><c6}) 16. g4 $1 h6 17. h4 $16 e5 $5 (17... Rd8 18. g5
hxg5 19. hxg5 Ne8 20. Qf4 $40) 18. Qxe5 (18. Nxe5 Bxg2 19. Kxg2 Re8 $1 {/\Re6-+
} 20. Nxd7 Nxd7 21. Qxd7 Rxe2 $14 {<=>}) 18... Re8 19. Qf4 (19. Qd6 $1 Nxg4 (
19... Re6 20. Qf4 {/\} d5 21. g5 $16) 20. Qxd7 $16) 19... d5 20. Rc1 Qe6 21.
cxd5 (21. g5 Nh5 (21... hxg5 $2 22. Nxg5 $16) 22. Qd2 Qg4 $40) 21... Nxd5 22.
Qd2 $1 {/\Ng5} (22. Qg3 Rac8 23. Rxc8 Qxc8 $1 $44) 22... Qxg4 $5 23. Ne1 $2 (
23. Rxd5 $8 Bxd5 24. Qxd5 Rad8 (24... Qxb4 25. Rc7 $40) 25. Qb5 $1 $16 (25. Ne5
$2 Qf5 $17) (25. Qb7 Rxe2 26. Qxa7 Qxb4 $13)) 23... Nf4 $1 24. f3 $8 (24. Rxe4
Rxe4 25. f3 Rxe2 $19) 24... Qg3 25. fxe4 (25. Rxe4 Nh3+ 26. Kh1 Nf2+ 27. Kg1
Nxe4 28. fxe4 Qxh4 $40) 25... Nh3+ 26. Kh1 Nf2+ 27. Kg1 Nxe4 $1 (27... Nh3+ $10
) 28. Rxe4 $8 (28. Qd3 Qf2+ 29. Kh1 (29. Kh2 Qf4+ $19) 29... Qxh4+ 30. Kg1 Qf2+
31. Kh1 Ng3+ 32. Kh2 Nxe2 $19) 28... Rxe4 29. Rc3 (29. Qd3 Re3 $40) 29... Qg4
30. Kf1 (30. e3 Rae8 $17 {עg1,e3.h4}) 30... Rd4 31. Qe3 Rad8 32. Rc7 Rd1 (
32... Rxb4 $5 {/\} 33. Qe7 Rf4+ 34. Bf3 Qxh4 $17) 33. Rc1 $6 (33. Qf3 $1 $132)
(33. Qf2 $2 Rxe1+ $1 34. Kxe1 (34. Qxe1 Qf4+ $19) 34... Qxb4+ $19) 33... Rxc1
34. Qxc1 Qxh4 $17 35. Nd3 Qf6+ 36. Bf3 $4 (36. Kg1 Qe6 $17) 36... Rxd3 $19 {
[Stohl]} 0-1